000 01182nam0a22003011 4500
001 RU\NLR\INFOCOMM_116\5000048193
005 20250613085628.0
035 _a(NLR Aleph) 009038047
090 _a9531274
_c9531274
100 _a20080617d1980 |||y0rusy50 ca
101 0 _aeng
102 _aRU
105 _aa z 000zy
200 1 _aHow the Soviet economy is run
_efirst steps, five-year plans, management agencies, to each according to the work he does
_fLeonid Abalkin
210 _aM.
_c"Novosti" press agency publ. house
_d1980
215 _a110 с.
_cдиагр.
_d17 см
225 1 _aDiscussing advanced socialism
300 _aВ вып. дан.: Как управляется советская экономика / Леонид Иванович Абалкин
517 1 _aКак управляется советская экономика
607 _aСССР
_xНародное хозяйство
_xУправление
_2nlr_sh1
686 _aЧ21(2)
_2rubbk
700 1 _aAbalkin
_bL. I.
_f1930-
_gLeonid Ivanovič
_4070
801 1 _aRU
_bNLR
_c20080617
801 0 _aRU
_bNLR
_gPSBO
852 _aNLR
_jЭк31 Д-1/60
942 _cBOOK
980 _aNB